000 00429nam a2200145Ia 4500
041 _aKurdish
082 _a290,915 cut-959 ع
100 _a20260118u\\\\\\\\\\\y0engy0103\\\\ba
100 _aد.سەروەر عەبدولڕەحمان عومەر
245 0 _aژنانى ئێزیدى وەک کەنیزەک
250 _aچ1
260 _bچاپخانەیى سەردەم
_aسلێمانى
_c2016
300 _a294
942 _cBk
999 _c188099
_d188099